Kantová zvíťazila v dvojkombinácii (Veľká cena Slovenska)

Bibliographic Details
Main Author: Eidlpes, Karol (Author)
Format: Article
Language:Slovak
Subjects:

MARC

LEADER 00000nab a2200000 a 4500
001 vtls009524091
003 SK-MaSNL
005 20260304173416.0
008 090610c19720124xo 0 slo
015 |a SNBRB1972  |2 snkbucl 
040 |a SNKBUCL  |b slo  |c SNKBUCL  |e AACR2 
041 0 |a slo 
044 |a xo  |c SK 
080 |a 796.92.093.1  |x (437.6)  |2 1997 
100 1 |a Eidlpes, Karol  |4 aut  |9 943946 
245 1 0 |a Kantová zvíťazila v dvojkombinácii  |b (Veľká cena Slovenska)  |c Karol Eidlpes 
611 2 7 |a Veľká cena Slovenska  |n (17. :  |d 1972)  |2 snkbucl  |9 1503818 
650 0 7 |a lyžovanie  |2 snkbucl  |9 3256 
655 7 |a články z novín a časopisov  |2 snkbucl  |9 267496 
773 0 |t Šport  |g (24.1.1972), s. 1 
850 |a Slovenská národná knižnica v Martine 
852 |a SNK  |b KIS3GCP 
999 |c 3003124  |d 3005054